Ski Jumping Olympic Medalists - Statistics

General Stats
  • This quiz has been taken 274 times
    28 since last reset
  • The average score is 33 of 55
Answer Stats
Competition Medal Answer % Correct
Large Hill 2026 Gold Domen Prevc
91%
Large Hill 2014 Bronze Peter Prevc
91%
Normal Hill 2014 Silver Peter Prevc
91%
Large Hill 2014 Gold Kamil Stoch
87%
Normal Hill 2014 Gold Kamil Stoch
87%
Large Hill 2018 Gold Kamil Stoch
87%
Large Hill 2022 Silver Ryoyu Kobayashi
83%
Normal Hill 2022 Gold Ryoyu Kobayashi
83%
Large Hill 2002 Silver Adam Malysz
78%
Normal Hill 2002 Bronze Adam Malysz
78%
Large Hill 2010 Silver Adam Malysz
78%
Normal Hill 2010 Silver Adam Malysz
78%
Large Hill 2002 Gold Simon Ammann
74%
Normal Hill 2002 Gold Simon Ammann
74%
Large Hill 2010 Gold Simon Ammann
74%
Normal Hill 2010 Gold Simon Ammann
74%
Large Hill 2018 Silver Andreas Wellinger
70%
Normal Hill 2018 Gold Andreas Wellinger
70%
Large Hill 2026 Bronze Kacper Tomasiak
70%
Normal Hill 2026 Silver Kacper Tomasiak
70%
Large Hill 2014 Silver Noriaki Kasai
70%
Normal Hill 2026 Gold Philipp Raimund
70%
Large Hill 2026 Silver Ren Nikaido
70%
Normal Hill 2026 Bronze Ren Nikaido
70%
Large Hill 2006 Gold Thomas Morgenstern
70%
Large Hill 1994 Bronze Andreas Goldberger
65%
Large Hill 1998 Gold Kazuyoshi Funaki
65%
Normal Hill 1998 Silver Kazuyoshi Funaki
65%
Normal Hill 2026 Bronze Gregor Deschwanden
61%
Large Hill 2006 Silver Andreas Kofler
57%
Large Hill 2022 Gold Marius Lindvik
57%
Normal Hill 2002 Silver Sven Hannawald
57%
Normal Hill 2022 Bronze David Kubacki
52%
Large Hill 1994 Silver Espen Bredesen
52%
Normal Hill 1994 Gold Espen Bredesen
52%
Large Hill 2010 Bronze Gregor Schlierenzauer
52%
Normal Hill 2010 Bronze Gregor Schlierenzauer
52%
Large Hill 2022 Bronze Karl Geiger
52%
Large Hill 2002 Bronze Matti Hautamäki
52%
Normal Hill 2006 Silver Matti Hautamäki
52%
Large Hill 1994 Gold Jens Weißflog
48%
Large Hill 2006 Bronze Lars Bystol
48%
Normal Hill 2006 Gold Lars Bystol
48%
Normal Hill 2018 Silver Johann Andre Forfang
43%
Normal Hill 2014 Bronze Anders Bardal
39%
Normal Hill 2022 Silver Manuel Fettner
35%
Large Hill 2018 Bronze Robert Johansson
35%
Normal Hill 2018 Bronze Robert Johansson
35%
Large Hill 1998 Bronze Masahiko Harada
30%
Normal Hill 1998 Bronze Andreas Widhölzl
26%
Normal Hill 1998 Gold Jani Soinen
26%
Normal Hill 1994 Silver Lasse Ottesen
26%
Normal Hill 2006 Bronze Roar Ljokelsoy
17%
Normal Hill 1994 Bronze Dieter Thoma
13%
Large Hill 1998 Silver Jani Soininen
4%
No matching quizzes found
Score Distribution
Percent of People with Each Score
Percentile by Number Answered
Your Score History
You have not taken this quiz since the last reset